| 000 | 00790cab a2200217 4500 | ||
|---|---|---|---|
| 001 | ABS40759 | ||
| 008 | 090401t1989 xxu||||| |||| 00| 0 eng d | ||
| 035 | _a(Sirsi) u25895 | ||
| 041 | _aeng | ||
| 100 | _aWeatherhead, P. | ||
| 245 | _aFlagship enterprise | ||
| 260 | _c1989 | ||
| 350 | _a0 | ||
| 490 |
_aBuilding _v254 (7596) 5 May 1989, 46-49(4) |
||
| 520 | _aDescribes two refurbishment projects undertaken by Inner City Enterprises in Birmingham . The Victoria Works project, redevelopment of an 1840s industrial building to incorporate a range of mixed uses; the Newhall Street scheme, conversion of a 1930s factory into small business studios. | ||
| 650 | _aURBAN RENEWAL | ||
| 650 | _aWEST MIDLANDS | ||
| 690 |
_aRefurbishment _96264 |
||
| 942 | _n0 | ||
| 948 | _c04/03/1997 | ||
| 999 |
_c17399 _d17399 |
||